书目信息 |
| 题名: |
河南城建学院报合订本:2010年
|
|
| 作者: | 河南城建学院主办 | |
| 分册: | ||
| 出版信息: | 平顶山 河南城建学院报编辑部 2010.12 |
|
| 页数: | ||
| 开本: | ||
| 丛书名: | ||
| 单 册: | ||
| 中图分类: | N031 | |
| 科图分类: | ||
| 主题词: | 自然科学--科学方法论 | |
| 电子资源: | ||
| ISBN: | ||
| 000 | 00583nam0 2200157 450 | |
| 001 | 1232349840 | |
| 005 | 20120221091452.51 | |
| 100 | @a20120221d2010 km y0chiy0120 ea | |
| 101 | 0 | @achi |
| 200 | 1 | @a河南城建学院报合订本:2010年@Ahe nan cheng jian xue yuan bao he ding ben:2010 nian@f河南城建学院主办@Fhe nan cheng jian xue yuan zhu ban |
| 210 | @a平顶山@c河南城建学院报编辑部@d2010.12 | |
| 606 | 0 | @a自然科学@x科学方法论 |
| 690 | @aN031@v4 | |
| 701 | 0 | @a河南城建学院主办@Ahe nan cheng jian xue yuan zhu ban |
| 801 | 0 | @aCN@b大连网信软件有限公司图书馆·11@c20120221 |
| 905 | @aZUCC@dN031@eH2622 | |
| 河南城建学院报合订本:2010年/河南城建学院主办.-平顶山:河南城建学院报编辑部,2010.12 |
| ISBN : |
| ● |
| 相关链接 |
|
|
|
正题名:河南城建学院报合订本:2010年
索取号:N031/H2622
 
预约/预借
| 序号 | 登录号 | 条形码 | 馆藏地/架位号 | 状态 | 备注 |
| 1 | 475576 | 204755764 | 城院文库/ [索取号:N031/H2622] | 在馆 | |
| 2 | 475577 | 204755773 | 城院文库/ [索取号:N031/H2622] | 在馆 | |
| 3 | 475578 | 204755782 | 城院文库/ [索取号:N031/H2622] | 在馆 | |
| 4 | 475579 | 204755791 | 城院文库/ [索取号:N031/H2622] | 在馆 | |
| 5 | 475580 | 204755808 | 城院文库/ [索取号:N031/H2622] | 在馆 | |
| 6 | 475581 | 204755817 | 城院文库/ [索取号:N031/H2622] | 在馆 | |
| 7 | 475582 | 204755826 | 城院文库/ [索取号:N031/H2622] | 在馆 | |
| 8 | 475583 | 204755835 | 城院文库/ [索取号:N031/H2622] | 在馆 | |
| 9 | 475584 | 204755844 | 城院文库/ [索取号:N031/H2622] | 在馆 | |
| 10 | 475585 | 204755853 | 城院文库/ [索取号:N031/H2622] | 在馆 |